000 nam a22 7a 4500
999 _c27823
_d27823
008 170210b xxu||||| |||| 00| 0 eng d
050 _aRT61 .Z38 2000
100 _aZastocki,Deborah K.
245 _a Home care :
_bpatient and family instructions /
_cDeborah K. Zastocki, and Christine Rovinski-Wagner
250 _a2nd ed.
260 _aPhiladelphia :
_bW. B Saunders company,
_cc2000
300 _axv,448p. :
_bill. ;
_c28cm.
_e1CD-ROM
500 _aIncludes index.
700 _aRovinski-Wagner, Christine
942 _2lcc
_cBOOKS
_hRT61 .Z38 2000